000 00740nam a2200301Ia 4500
005 20260401122258.0
008 008 250103s9999 xx 000 0 eng d
020 _a520228839
037 _aTB
040 _aEDL
040 _beng
040 _cEDL
041 _2eng
041 _aeng
084 _a891.4533 SEN
084 _qEDL
100 _aSenapati, Fakir Mohan
_91232505
245 0 _aSix Acres and a Third: Classic Nineteenth-Century Novel About Colonial India
245 0 _cSenapati, Fakir Mohan
260 _aBerkeley
260 _bUniversity of California Press
260 _c2005
300 _a222p
942 _cTB
942 _h891.4533 SEN
999 _c1846179
_d1846179